00166nam a2200061Ia 4500008004100000100002800041245003500069120527s9999 xx 000 0 und d aKAUFINAN, B.J.Hotchkiss aThe economics of labor markets